Producción de abono orgánico a base de estiércol bovino y desechos sólidos para la comercialización en el municipio de Diriamba del departamento de Carazo

Presenta documento con la producción de abono orgánico a base de estiércol bovino y desechos sólidos para la comercialización en el municipio de Diriamba del departamento de Carazo, presenta la elaboración de un estudio de mercado en el municipio que determino las variables de demanda y oferta...

Full description

Bibliographic Details
Main Authors: Rico García, Mary Eneyda, Arcía Marcia, José Rafael
Other Authors: Tutor: Sotelo Contreras, Rosario Verónica
Format: Tesis Section = Libro
Language:Undetermined
Spanish
Published: Managua UNI 2009
Subjects:
LEADER 01255nam a2200253Ia 4500
008 240830s9999 xx 000 0 und d
040 |a BIBLIOTECA-RUPAP T.Mon 631.86 R541 
041 |a spa 
082 |a T.Mon 631.86 R541 
100 1 |a Rico García, Mary Eneyda 
100 1 |b Arcía Marcia, José Rafael 
245 1 0 |a Producción de abono orgánico a base de estiércol bovino y desechos sólidos para la comercialización en el municipio de Diriamba del departamento de Carazo 
260 |a Managua  |b UNI  |c 2009 
300 |a 114 p. :il. 
500 |a Contiene: anexos. 
502 |a Tesis (Ingeniero Agrícola)- UNI, 2009. 
520 3 |a Presenta documento con la producción de abono orgánico a base de estiércol bovino y desechos sólidos para la comercialización en el municipio de Diriamba del departamento de Carazo, presenta la elaboración de un estudio de mercado en el municipio que determino las variables de demanda y oferta, así como un estudio técnico y financiero para la determinación de la rentabilidad. 
650 7 |a ABONO ORGANICO 
650 7 |b FERTILIZANTES ORGANICOS 
650 7 |c RESIUDOS ANIMALES 
700 1 |a Tutor:  |b Sotelo Contreras, Rosario Verónica 
942 |c BK  |2 ddc 
991 |a TESIS 
999 |c 18469